000 00460nam a2200181Ia 4500
001 7400
005 20260306160452.0
008 260306t2019||||xx |||||||||||||| ||spa||
041 _aESP
082 _a338.904
_bC32
100 _aCasasnovas, Guillermo
_eAUT
245 0 _aMercancĂ­as ficticias:
_brecuperando a Polanyi para el siglo XXI
260 _c2019
300 _a32 páginas :
_c20 cm.
650 _aGEN
654 _aCAN
942 _cLIB
_dJUS
_fJUS
_2ddc
_n
999 _c7400
_d7400